| 000 | 01730cam a22003251i 4500 | ||
|---|---|---|---|
| 003 | SA-RiAUC | ||
| 005 | 20250702052720.0 | ||
| 008 | 250630s1982 le g b 000 p ara c | ||
| 040 |
_aJO-AmJU _bara _cSA-RiAUC _erda |
||
| 082 | 0 | 4 |
_a811.04 _qSA-RiAUC |
| 090 |
_a811.04 _bف و ق |
||
| 100 | 1 |
_aفوقاس، نقفور، _cإمبراطور الروم، _d912-969 _eمؤلف. |
|
| 245 | 1 | 0 |
_aقصيدة إمبراطور الروم نقفور فوقاس في هجاء الإسلام والمسلمين وقصيدتا الإمامين القفال الشاشي وابن حزم الأندلسي في الرد عليه / _cقدم لها وحققها صلاح الدين المنجد. |
| 250 | _aالطبعة الأولى. | ||
| 264 | 1 |
_aبيروت : _bدار الكتاب الجديد، _c1982 |
|
| 300 |
_a63 صفحة ؛ _c24 سم |
||
| 336 |
_aنص _btxt _2rdacontent _3كتاب |
||
| 337 |
_aبدون وسيط _bn _2rdamedia |
||
| 338 |
_aمجلد _bnc _2rdacarrier |
||
| 490 | 0 | _aخصومات دبلوماسية بن بيزنطة والعرب | |
| 504 | _aببليوجرافية : صفحة 61-62. | ||
| 650 | 7 |
_aشعر الهجاء _zالبلاد العربية _2aucsh |
|
| 650 | 7 |
_aالشعر الإسلامى _xدفع مطاعن _2aucsh |
|
| 650 | 7 |
_aالشعر العربي _yالعصر العباسي _2aucsh |
|
| 650 | 7 |
_aشعر الهجاء العربي _yالعصر العباسي _2aucsh |
|
| 700 | 1 |
_aالمنجد، صلاح الدين بن عبد الله، _d1920-2010 _eمقدم. |
|
| 700 | 1 | 2 |
_iشرح لـ : _aالقفال، محمد بن علي بن إسماعيل، _d291-365 هجري. _tقصيدة في الرد على نقفور فوقاس |
| 942 |
_2ddc _cBOOK _n0 |
||
| 949 |
_aSA-JeALM _d250630 _umohamedma123 _n1 |
||
| 999 |
_c9373 _d9373 |
||